| 000 | 01432nam a2200373 a 4500 | ||
|---|---|---|---|
| 001 | 000115116 | ||
| 003 | CHAP | ||
| 005 | 20220329144516.0 | ||
| 008 | 181015s2018 mx a sm |||||||spa d | ||
| 010 | _a111577 | ||
| 011 | _a112549 | ||
| 040 | _cCHAP | ||
| 090 | _aTesis | ||
| 100 | 1 |
_aFelix Arredondo, Juan Manuel. _9135942 |
|
| 245 | 1 | 0 |
_aEvaluación del potencial antioxidante de garambullo (Myrtillocactus geometrizans) en cuatro estados de madurez / _h[En línea] _cpor Juan Manuel Felix Arredondo. |
| 260 |
_aChapingo, Méx. : _bEl autor, _c2018. |
||
| 500 | _aPara ver el contenido del material haga clic en la liga | ||
| 502 | _aTesis (Ing. Agroindustrial) -- UACH. Departamento de Ingeniería Agroindustrial | ||
| 590 |
_aBATCH-UPD _b10 _c20190604 _lUCH01 _h1455 |
||
| 590 |
_aE11695DGD _b10 _c20190604 _lUCH01 _h1454 |
||
| 590 |
_aE8697GMM _b05 _c20181015 _lUCH01 _h1444 |
||
| 590 |
_aE8697GMM _b05 _c20181015 _lUCH01 _h1445 |
||
| 590 |
_aE8697GMM _b05 _c20181016 _lUCH01 _h1254 |
||
| 590 |
_aE8697GMM _b05 _c20181130 _lUCH01 _h1431 |
||
| 590 |
_aE8697GMM _b05 _c20190516 _lUCH01 _h1513 |
||
| 650 | 1 | 4 |
_aAntioxidantes _xAnálisis. _9132229 |
| 650 | 1 | 4 |
_aCactáceas _xAprovechamiento. _916996 |
| 650 | 1 | 4 |
_aCactáceas _xFisiología y morfología. _917005 |
| 650 | 1 | 4 |
_aEspectrofotometría. _937797 |
| 856 |
_aFinding aid _uhttp://10.13.5.2/tesis/sist115116.pdf _zTeclea aquí |
||
| 901 | _aBK | ||
| 942 | _cTESIS | ||
| 942 | _n0 | ||
| 999 |
_c111577 _d111577 |
||